Политические нормы социализма
| Egile nagusia: | |
|---|---|
| Gaia: | Исключено из фонда НТБ ТПУ |
| Hizkuntza: | errusiera |
| Argitaratua: |
Казань, Изд-во Казанского ун-та, 1988
|
| Formatua: | MixedMaterials Liburua |
| KOHA link: | https://koha.lib.tpu.ru/cgi-bin/koha/opac-detail.pl?biblionumber=262632 |
MARC
| LEADER | 00000nam0a2200000 4500 | ||
|---|---|---|---|
| 001 | 262632 | ||
| 005 | 20231031222121.0 | ||
| 010 | |a 5746400092 | ||
| 035 | |a (RuTPU)RU\TPU\book\285615 | ||
| 090 | |a 262632 | ||
| 100 | |a 20140603d1988 k y0rusy50 ca | ||
| 101 | 0 | |a rus | |
| 102 | |a RU | ||
| 105 | |a y z 001zy | ||
| 200 | 1 | |a Политические нормы социализма |f Ф. Ф. Фаткуллин | |
| 210 | |a Казань |c Изд-во Казанского ун-та |d 1988 | ||
| 215 | |a 120 с. | ||
| 333 | |a Исключено из фонда НТБ ТПУ | ||
| 700 | 1 | |a Фаткуллин |b Ф. Ф. | |
| 801 | 1 | |a RU |b 63413507 |c 20140603 | |
| 801 | 2 | |a RU |b 63413507 |c 20220314 |g RCR | |
| 942 | |c BK | ||